000 01004nam0a2200277 4500
001 RU\NLR\ONL1\6304
005 20250613115140.0
035 _a(NLR Aleph) 009635055
090 _a9518260
_c9518260
100 _a20050826d1936 |||y0rusy50 ca
101 0 _achm
102 _aRU
105 _aa |||||||||
200 1 _aГрип чэрлэч вара нэр, логар, пылыш корштымо
_fХраковскайа-Черньак, В. П.
210 _aУ|по
_cПошкырт рэспублик госиздат
_d1936
215 _a40 с.
_cил.
_d17
541 1 _aГрипп и его осложнения со стороны уха, нос, горла
_zrus
606 0 _aГрипп
_xОсложнения
_9971439
_3RU\NLR\auth\6645562
686 1 _aР514.31
700 1 _aХраковская-Черняк
_bВ. П.
_4070
801 0 _aRU
_bNLR
_c20050826
_gPSBO
852 _aNLR
_bОНЛ
_jМар.л./2-647
942 _cBOOK
980 _aNB